00539nam a2200145Ia 4500999001500000003000400015008004100019100001800060245004100078260003400119300000700153650001800160942001500178952020000193 c6763d6763OSt191201s2010 xx 000 0 und d aFOLEY'S, Ryan 0aLegend the Labors of Heracles  bKALYANI MEDIA PVT. LTD.c2010 a84 aGeneral Books 2ddccBK02 00102ddc40708GENERALaPIETbPIETd2020-07-21eKalyani Nav yug Media Pvt Ltd.g250.00k271l2o398.20938 FOLp30271r2023-02-06 00:00:00s2023-02-01v137.50w2018-08-31yBKzStories and Novels